Guess the Taylor Swift Song (no hints) 86 - Statistics

General Stats
  • This quiz has been taken 82 times
  • The average score is 238 of 293
Answer Stats
Answer % Correct
a
100%
I
100%
me
100%
me,
100%
the
100%
you
100%
my
98%
it
96%
It
96%
on
96%
who
96%
Your
96%
your
96%
And
95%
and
95%
for
95%
so
95%
So
95%
(so
95%
was
95%
in
93%
In
93%
love,
93%
that
93%
then
93%
to
93%
It's
91%
it's
91%
all
88%
But
88%
but
88%
of
88%
what
88%
would
88%
did
86%
did,
86%
How
86%
how
86%
if
86%
just
86%
were
86%
night
84%
one
84%
some
84%
thought
84%
As
82%
as
82%
didn't
82%
there,
82%
yeah
82%
yeah)
82%
are,
80%
forgot
80%
been
79%
existed
79%
from
79%
isn't
79%
nice
79%
they
79%
down,
77%
down
77%
something
75%
wrong,
75%
wrong?
75%
kill
73%
than
73%
up
73%
days
71%
happened
71%
hate
71%
hate,
71%
magical
71%
many
71%
out
71%
indifference
70%
Indifference
70%
more
70%
couldn't
66%
get
66%
going
66%
Got
66%
bout
64%
Free
64%
peaceful
64%
quiet
64%
right
64%
Thinkin'
64%
feelings
63%
mind
63%
soon
63%
spend
63%
would've
63%
Would've
63%
away
61%
Even
61%
gone,
61%
gone
61%
show
61%
Drake,
59%
front
59%
ya
59%
blur
57%
came
57%
clear
57%
lessons
57%
livin'
57%
rep
57%
Sent
57%
tied
57%
'Til
57%
forget
55%
hard
55%
lips,
55%
message
55%
rent,
55%
sunshine
55%
tongue
55%
name
54%
nobody
54%
row
54%
showed
54%
Taught
54%
around
52%
hit
52%
popcorn
52%
town,
52%
ground,
50%
ground
50%
whole
50%
shade
48%
throwin'
48%
fought
46%
Lived
46%
stuck
46%
Laughed
45%
schoolyard
41%
tripped
41%
starting
23%
No matching quizzes found
Score Distribution
Percent of People with Each Score
Percentile by Number Answered
Your Score History
You have not taken this quiz